Návrh tepelného čerpadla pre vybraný objekt

Gespeichert in:
Bibliographische Detailangaben
1. Verfasser: Dragan, Peter, 1990- (Verfasst von)
Weitere Verfasser: Pípa, Marek, 1978- (Betreuung Doktorarbeit)
Format: Manuskript Buch
Sprache:Slowakisch
Veröffentlicht: Bratislava : STU v Bratislave FEI, 2012
Schlagworte:
Online-Zugang:VAIS
Tags: Tag hinzufügen
Keine Tags, Fügen Sie das erste Tag hinzu!

MARC

LEADER 00000ntm a22000003a 4500
001 stu253251
005 20150617230227.9
008 120803s2012----xo------------------slo-d
040 |a STU  |b slo 
041 0 |a slo 
044 |a xo 
100 1 |a Dragan, Peter,  |d 1990-  |4 aut  |u E  |T FEI Fakulta elektrotechniky a informatiky  |X 64862  |U E  |Y 30  |7 A000064862 
242 0 0 |a Draft heat pump for a selected object  |y eng 
245 1 |a Návrh tepelného čerpadla pre vybraný objekt 
260 |a Bratislava :  |b STU v Bratislave FEI,  |c 2012 
300 |a 48 s 
650 7 |a Electrical Engineering  |2 estusub 
650 7 |a heat pump  |2 estusub 
700 1 |a Pípa, Marek,  |d 1978-  |4 ths  |u E020  |U FEI Fakulta elektrotechniky a informatiky  |T FEI Ústav elektroenergetiky a aplikovanej elektrotechniky  |X 2666  |U E020  |Y 548  |7 A000002666 
856 4 |a info a plný text  |u http://is.stuba.sk/zp/portal_zp.pl?podrobnosti=65739  |3 VAIS 
996 |b 284ER00975  |c E*Bc-975  |l EE32  |s P  |a 0  |w stu253251_0001